00551nam a2200133 i 450000100060000000300090000600700030001500800410001810000210005924502270008026000570030730000320036485200210039677371ES-MaACLt|041008s1902 gw ||||1| spa d1 aHaebler, Konrad.10aTipografía ibérica del siglo XV b: reproducción en facsímil de todos los carateres tipográficos empleados en España y Portugal hasta el año 1.500 / ccon notas críticas y biográficas por Conrado Haebler. aLa Haya ; aLeipzig : bKarl W. Hiersemmenn, c1902. a91 p., 87 lám. ; c37 cm. aES-MaACLjB-5529